[Event "Tarragona-ch Seniors"]
[Site "Cambrils"]
[Date "2020.01.30"]
[Round "2.3"]
[White "Romero Mendez, Antonio"]
[Black "Pros Perello, Jaime"]
[Result "1-0"]
[WhiteElo "1895"]
[BlackElo "1826"]
[PlyCount "89"]
[EventDate "2020.01.23"]
[EventType "swiss"]
[EventRounds "8"]
[EventCountry "ESP"]
[SourceTitle "EXT 2024"]
[Source "ChessBase"]
[SourceDate "2023.10.10"]
[SourceVersion "1"]
[SourceVersionDate "2023.10.10"]
[SourceQuality "1"]

1. c4 Nf6 2. Nc3 e6 3. g3 c6 4. Bg2 d5 5. cxd5 exd5 6. d3 Bc5 7. Nf3 0-0 8. 0-0 Re8 9. h3 Qc7 10. Bf4 Bd6 11. Bxd6 Qxd6 12. Qa4 Bd7 13. Rfe1 c5 14. Qh4 d4 15. Ne4 Nxe4 16. dxe4 Bc6 17. Nd2 Nd7 18. f4 Qe7 19. Qxe7 Rxe7 20. Rad1 Nf6 21. e5 Nd5 22. Nc4 f6 23. e4 Nb6 24. exf6 gxf6 25. Na5 Rb8 26. Nxc6 bxc6 27. b3 Kf7 28. Bf1 Ree8 29. Bd3 h6 30. Rc1 Nd7 31. Rc4 Re6 32. Ra4 Ra8 33. Bc4 Ke7 34. Bxe6 Kxe6 35. Kf2 a5 36. Rc4 Kd6 37. Kf3 Nb6 38. Rcc1 h5 39. e5+ Kd5 40. exf6 Nd7 41. f7 Rf8 42. Re7 Kd6 43. Rce1 a4 44. R1e6+ Kc7 45. Rg6 1-0

[Event "Salou op U2300 3rd"]
[Site "Salou"]
[Date "2018.04.30"]
[Round "6"]
[White "Romero Mendez, Antonio"]
[Black "Cots Valls, Jordi"]
[Result "1-0"]
[WhiteElo "1908"]
[BlackElo "1742"]
[PlyCount "111"]
[EventDate "2018.04.28"]
[EventType "swiss"]
[EventRounds "7"]
[EventCountry "ESP"]
[SourceTitle "CBM 184 Extra"]
[Source "ChessBase"]
[SourceDate "2018.06.28"]
[SourceVersion "1"]
[SourceVersionDate "2018.06.28"]
[SourceQuality "1"]

1. d4 g6 2. e4 e6 3. Bc4 c6 4. Ne2 b5 5. Bb3 a5 6. a4 b4 7. Be3 d5 8. Nd2 Ba6 9. 0-0 Nh6 10. f3 f6 11. Re1 Nf7 12. exd5 Bxe2 13. Qxe2 cxd5 14. Qb5+ Qd7 15. Bxd5 Qxb5 16. axb5 Ra7 17. Bf4 e5 18. dxe5 Bc5+ 19. Kh1 Nxe5 20. Nc4 Nbd7 21. Bc6 0-0 22. Nxe5 Nxe5 23. Bd5+ Nf7 24. Rad1 Kg7 25. Be3 Bxe3 26. Rxe3 Rb8 27. Bc6 Ne5 28. b3 Rc7 29. h4 Nxc6 30. bxc6 Kf7 31. Rd6 Rbc8 32. Ree6 f5 33. Kh2 Re8 34. Rd7+ Rxd7 35. cxd7 Rd8 36. Ra6 Rxd7 37. Rxa5 Rb7 38. Rc5 Ke6 39. Kg3 Kd6 40. Rc4 Kd5 41. Kf4 h6 42. h5 gxh5 43. Kxf5 Rb6 44. Kf4 Rf6+ 45. Kg3 Rg6+ 46. Kh3 Rb6 47. Rh4 Kc5 48. Rxh5+ Kd4 49. Rh4+ Kc3 50. Rc4+ Kd2 51. g4 Rf6 52. f4 Re6 53. Kh4 Re3 54. Rxb4 Kxc2 55. Rb6 Re4 56. f5 1-0

[Event "Tarragona Province-ch"]
[Site "Hospitalet de l'Infant"]
[Date "2013.10.20"]
[Round "3"]
[White "Esplugas Esteve, Vicenc"]
[Black "Romero Mendez, Antonio"]
[Result "1-0"]
[WhiteElo "2231"]
[BlackElo "1979"]
[PlyCount "95"]
[EventDate "2013.10.06"]
[EventType "swiss"]
[EventRounds "9"]
[EventCountry "ESP"]
[SourceTitle "EXT 2017"]
[Source "ChessBase"]
[SourceDate "2016.10.25"]
[SourceVersion "1"]
[SourceVersionDate "2016.10.25"]
[SourceQuality "1"]

1. d4 d5 2. c4 e6 3. Nc3 f5 4. h3 Nf6 5. g4 c6 6. Nf3 Bd6 7. Qb3 fxg4 8. hxg4 Nxg4 9. Qc2 Nf6 10. Ng5 Qe7 11. Nxh7 Nxh7 12. Rxh7 Rxh7 13. Qxh7 Nd7 14. Bd2 Nf6 15. Qh8+ Qf8 16. Qh4 Bd7 17. 0-0-0 0-0-0 18. c5 Bc7 19. Bf4 Bxf4+ 20. Qxf4 Qe7 21. f3 Rf8 22. Qh2 Ne8 23. b4 Nc7 24. Kb2 Qf6 25. Qg3 Be8 26. Bh3 Bh5 27. a4 Qh6 28. b5 Be8 29. b6 axb6 30. cxb6 Na6 31. Qd6 Rf6 32. Rc1 Bd7 33. Nxd5 Rf7 34. Nc7 Qf4 35. Qxf4 Rxf4 36. Nxa6 bxa6 37. Kc3 Kb7 38. a5 Rh4 39. Bg4 Rh2 40. Kd3 Rh8 41. Rc5 Re8 42. Rg5 Re7 43. Rg6 Bc8 44. Ke4 Bd7 45. Ke5 Kc8 46. Kd6 Rf7 47. Rxe6 Kb7 48. Re7 1-0